Advanced level pure mathematics
Αποθηκεύτηκε σε:
| Κύριος συγγραφέας: | |
|---|---|
| Μορφή: | Βιβλίο |
| Γλώσσα: | Greek |
| Δημοσίευση: |
London :
University Tutorial Press,
1963, c1961
|
| Έκδοση: | 2nd ed. Repr. |
| Θέματα: | |
| Ετικέτες: |
Προσθήκη ετικέτας
Δεν υπάρχουν, Καταχωρήστε ετικέτα πρώτοι!
|
MARC
| LEADER | 00000cam a2200000 i 4500 | ||
|---|---|---|---|
| 001 | 1/7595 | ||
| 008 | 100519r19631954 gre d | ||
| 035 | |l 10107919 | ||
| 040 | |a GR-MY-UA |b gre |e aacr | ||
| 041 | 0 | |a gre | |
| 082 | 0 | |a 510 |2 (22) | |
| 100 | 1 | |a Green, S. L. |q (Stanley Lawson) | |
| 245 | 1 | 0 | |a Advanced level pure mathematics / |c by S. L. Green |
| 250 | |a 2nd ed. Repr. | ||
| 260 | |a London : |b University Tutorial Press, |c 1963, c1961 | ||
| 300 | |a viii, 656 σ.; |b εικ.; |c 21 εκ. | ||
| 504 | |a Περιέχει ευρετήριο | ||
| 650 | 0 | 0 | |a Mathematics. |
| 852 | |a INST |b SAMOS |c MAG |e 20100519 |h 510 GRE |p 005300028522 |q 005300028522 |t BK |y 0 | ||
| 901 | |a BIBL3-2010-2 | ||
| 909 | |a Σ |b 158121 | ||
| 970 | |a ΣΙΤΖΙΜΗ |b ΓΙΑΣΕΜΗ |z 2010/05/19 | ||